Normal view
MARC view
- Dr. Sajid Saleem.
Entry Personal Name
001 - CONTROL NUMBER
- control field: 19765
003 - CONTROL NUMBER IDENTIFIER
- control field: NUST
005 - DATE AND TIME OF LATEST TRANSACTION
- control field: 20190831130333.0
008 - FIXED-LENGTH DATA ELEMENTS
- fixed length control field: 190831|| aca||aabn | a|a d
040 ## - CATALOGING SOURCE
- Original cataloging agency: NUST
- Transcribing agency: NUST
100 ## - HEADING--PERSONAL NAME
- Personal name: Dr. Sajid Saleem.
670 ## - SOURCE DATA FOUND
- Source citation: Work cat.: (NUST): Ahmed, Muneeb 19764, vIoT: A Virtualized IoT Testbed /, 2018.
